Регионална библиотека "Любен Каравелов" - Русе

Криворазбраната цивилизация (Запис номер 425820)

MARC детайли
000 -Лидер
Контролно поле с фиксирана дължина nam a22 a 4500
003 - Код на организацията, давaща контролен номер
Контролно поле BLK
005 - Дата и час на последна редакция
Контролно поле 20220917095404.0
008 - Елементи от данни с фиксирана дължина
fixed length control field 210729b bul|||||r ||||||| ||bul||
020 ## - Международен стандартен номер на книга ISBN
Международен стандартен номер на книга ISBN 9786197496802
040 ## - Източник на каталожния запис
Идентификатор на билиотеката - собственик на записа BLK
041 ## - Код за език
Код за езика на текст/звукозапис или на отделно заглавие Български
Код за езика КДБФ Български
080 ## - УДК
Текстов определител УДК Българска литература
УДК код - определител по УДК 821.163.2
УДК определител -22
УДК - код + определител 821.163.2-22
100 1# - Редна дума - Автор
Автор Войников, Добри Попов
Авторска отговорност първи автор
R(LIN) 281055
139 ## - Редно поле
Редна дума Войников, Добри Попов
Авторски знак Воини - В 80
245 10 - Сведения за заглавието
Заглавие Криворазбраната цивилизация
Подзаглавни данни Сатирична пиеса в 5 д.
Редно поле (дума) Добри Попов Войников
260 ## - Област на издателските данни
Място на издаване, разпространение и проч. София
Име на издателя, разпространителя и проч. Би 93
Година на издаване 2021
Печатница (София : Алианс принт)
9 (RLIN) 220482
Издателство - префикс ISBN 954-90275-
300 ## - Физическа характеристика
Страници 166 с.
Размери/Мащаб 21 см
380 ## - Жанр
Жанр Худож. лит.
490 ## - СЕРИИ (Колекции)
9 (RLIN) 201130
Име на серия Българска история
852 ## - Местоположение
Фондова буква Заемна - подръчен фонд
Систематично-азбучна сигнатура 821.163.2-2/В 80 Д
999 ## - СИСТЕМНИ КОНТРОЛНИ НОМЕРА
Koha biblionumber 425820
Koha biblioitemnumber 425820
942 ## - АРТИКУЛИ
Вид на библиотечния материал Книги
Скрит в OPAC Не
Периодичен библиозапис Да
Koha issues (borrowed), all copies 8
944 ## - СЪЗДАВАНЕ И РЕДАКЦИЯ на ЗАПИСА
Създаване/Редакция Създаване
Дата на регистрацията/редакция 2021-07-29
Служител, извършил регистрацията/редакцията Геновева_Генчева
Наличности
Код за отписване Код за изгубен артикул Източник на класификационната схема Код за повреда Коз за рестрикции Код за отдаване Артикулен № Име на библиотеката - собственик Име на библиотеката, в която се намира в момента Статус (Текущо местоположение) Дата на вписване в системата Местоположение - отдел Цена в лева Систематично азбучна сигнатура Баркод Цена в евро Служебен тип на артикула
  Не е изгубен Universal Decimal Classification Не е повреден без рестрикции заемане за дома 846180 Регионална библиотека "Любен Каравелов" Русе Регионална библиотека "Любен Каравелов" Русе Заемна - подръчен фонд 2021-08-03 Заемна - подръчен фонд 9.10 821.163.2-2/В 80 Д 120000859312 4.65 Книги
  Не е изгубен Universal Decimal Classification Не е повреден без рестрикции заемане за дома 846181 Регионална библиотека "Любен Каравелов" Русе Регионална библиотека "Любен Каравелов" Русе Заемна - подръчен фонд 2021-08-03 Заемна - подръчен фонд 9.10 821.163.2-2/В 80 Д 120000859313 4.65 Книги
  Не е изгубен Universal Decimal Classification Не е повреден само за читалня ползва се в читалня 902830 Регионална библиотека "Любен Каравелов" Русе Регионална библиотека "Любен Каравелов" Русе Хранилище 2022-09-02 Хранилище 14.00 Цб 313593 120000875592 7.16 Книги
Vip Innovations Ltd, Rousse, Bulgaria 2025